[Event "Lliga Catalana DH"]
[Site "?"]
[Date "2015.01.24"]
[Round "1.6"]
[White "Garrido Fernandez, D."]
[Black "Gonzalez Rodriguez, RO."]
[Result "0-1"]
[WhiteElo "2326"]
[BlackElo "2325"]
[PlyCount "76"]
[EventDate "2015.??.??"]
[EventType "team"]

1. d4 Nf6 2. c4 c5 3. d5 g6 4. Nc3 Bg7 5. e4 d6 6. f4 O-O 7. Nf3 b5 8. cxb5 a6
9. a4 Nbd7 10. bxa6 Qa5 11. Bd2 Bxa6 12. Bxa6 Qxa6 13. Qe2 Rfb8 14. Ra2 Rb4 15.
Qxa6 Rxa6 16. e5 Ne4 17. Nxe4 Rxe4+ 18. Kf2 dxe5 19. fxe5 Nxe5 20. b3 Nd3+ 21.
Kg3 h5 22. Ne1 Nb4 23. Bxb4 Rxb4 24. Nf3 Rxb3 25. Rc1 g5 26. h3 f5 27. Kf2 g4
28. hxg4 fxg4 29. Nd2 Bd4+ 30. Ke1 Re3+ 31. Kd1 h4 32. Nc4 Rd3+ 33. Kc2 Rg3 34.
Kb1 h3 35. gxh3 gxh3 36. Rh1 Rb3+ 37. Kc1 Rc3+ 38. Rc2 Rxa4 0-1

[Event "Lliga Catalana DH"]
[Site "?"]
[Date "2015.01.24"]
[Round "1.7"]
[White "Fernandez Cazorla, A."]
[Black "Llaneza Vega, P."]
[Result "1/2-1/2"]
[WhiteElo "2322"]
[BlackElo "2296"]
[PlyCount "140"]
[EventDate "2015.??.??"]
[EventType "team"]

1. Nf3 Nf6 2. c4 g6 3. g3 Bg7 4. Bg2 O-O 5. O-O d6 6. d4 Nc6 7. Nc3 a6 8. Bf4
Rb8 9. Rc1 b5 10. b3 Bd7 11. c5 b4 12. Nb1 d5 13. Ne5 Ne4 14. f3 Nf6 15. e4
dxe4 16. fxe4 Nh5 17. Nxc6 Bxc6 18. d5 Bb5 19. Rf2 Nxf4 20. gxf4 e5 21. f5 Bh6
22. Rcc2 Be3 23. Qf3 Qg5 24. Nd2 Bxf2+ 25. Kxf2 gxf5 26. exf5 Qh4+ 27. Kg1 Kh8
28. Qe3 Qd4 29. Qxd4 exd4 30. Nc4 d3 31. Rd2 Bxc4 32. bxc4 b3 33. axb3 Rxb3 34.
Be4 Kg7 35. Bxd3 Kf6 36. d6 cxd6 37. cxd6 Rd8 38. c5 Rc3 39. Bxa6 Rxc5 40. d7
Rxf5 41. h3 Ke6 42. Bc8 Rd5 43. Re2+ Re5 44. Rd2 Re3 45. Kh2 Ke7 46. Rg2 Re6
47. Rg7 h6 48. Rg2 Re5 49. Rd2 Rg8 50. Bb7 Re6 51. Bd5 Rd6 52. Re2+ Kxd7 53.
Bxf7 Rf8 54. Bh5 Rdf6 55. Bg4+ Kd6 56. Kg3 Rb8 57. Rd2+ Ke5 58. Re2+ Kd4 59.
Rd2+ Ke3 60. Re2+ Kd3 61. Re5 Rb4 62. Kh4 Re4 63. Ra5 Ke3 64. Kg3 Rd6 65. Kh4
Kd4 66. Kg3 Re5 67. Ra4+ Ke3 68. Ra1 Rg6 69. Re1+ Kd4 70. Rd1+ Ke3 1/2-1/2

[Event "Lliga Catalana DH"]
[Site "?"]
[Date "2015.01.24"]
[Round "1.8"]
[White "De la Riva Aguado, J."]
[Black "Asensio Liñan, T."]
[Result "1-0"]
[WhiteElo "2306"]
[BlackElo "2254"]
[PlyCount "86"]
[EventDate "2015.??.??"]
[EventType "team"]

1. e4 e6 2. d4 d5 3. Bd3 c5 4. exd5 exd5 5. dxc5 Bxc5 6. Ne2 Nf6 7. O-O O-O 8.
Bg5 h6 9. Bh4 g5 10. Bg3 Ne4 11. Nbc3 f5 12. Na4 Be7 13. Bxb8 Rxb8 14. c4 dxc4
15. Bxc4+ Kg7 16. Bd5 Nf6 17. Nac3 Qa5 18. Bb3 Rd8 19. Qc2 Qe5 20. Rfe1 Bb4 21.
Rad1 Rxd1 22. Qxd1 Bd7 23. Ng3 Qd6 24. Qf3 f4 25. Nh5+ Nxh5 26. Qxh5 Rf8 27.
Rd1 Be8 28. Rxd6 Bxh5 29. Rd7+ Kh8 30. Rxb7 Re8 31. h3 Re1+ 32. Kh2 Bc5 33. g4
fxg3+ 34. Kxg3 Rg1+ 35. Kh2 Rf1 36. Ne4 Bd4 37. Kg2 Re1 38. Rb8+ Kg7 39. Bd5
Be2 40. Ng3 Bd1 41. Nf5+ Kf6 42. Nxd4 g4 43. hxg4 Bxg4 1-0

[Event "Lliga Catalana DH"]
[Site "?"]
[Date "2015.01.24"]
[Round "1.1"]
[White "Rizouk, A."]
[Black "Beltran Rueda, S."]
[Result "1-0"]
[WhiteElo "2530"]
[BlackElo "2459"]
[PlyCount "65"]
[EventDate "2015.??.??"]
[EventType "team"]

1. e4 c5 2. Nf3 e6 3. d4 cxd4 4. Nxd4 a6 5. c4 Nf6 6. Nc3 Bb4 7. Bd3 Nc6 8. Nc2
Be7 9. Be3 d6 10. O-O b6 11. Be2 Bb7 12. Qd2 O-O 13. Rfd1 Ne5 14. f3 Rc8 15. b3
Qc7 16. Na4 Ned7 17. Rac1 Rfd8 18. Nd4 Qb8 19. Kh1 Ba8 20. Bf1 Bf8 21. b4 Nc5
22. bxc5 dxc5 23. Rb1 cxd4 24. Nxb6 Rc6 25. Bxd4 Bb7 26. Qb2 Be7 27. Na4 Rd7
28. Be5 Qd8 29. Rxd7 Nxd7 30. Bxg7 Rc7 31. Bd4 Bc6 32. Nc3 Nc5 33. Qb8 1-0

[Event "Lliga Catalana DH"]
[Site "?"]
[Date "2015.01.24"]
[Round "1.2"]
[White "Lacasa Diaz, JA."]
[Black "Vassallo Barroche, M."]
[Result "1/2-1/2"]
[WhiteElo "2426"]
[BlackElo "2424"]
[PlyCount "51"]
[EventDate "2015.??.??"]
[EventType "team"]

1. e4 e5 2. Nf3 Nc6 3. Bb5 Nf6 4. O-O d6 5. d4 Bd7 6. Nc3 exd4 7. Nxd4 Be7 8.
Re1 O-O 9. Bxc6 bxc6 10. b3 d5 11. e5 Bb4 12. Bd2 Bxc3 13. Bxc3 Ne4 14. Bb2 Qh4
15. f3 Ng5 16. Qd3 Rfe8 17. Qc3 Qh6 18. Bc1 Rac8 19. b4 Qg6 20. Bxg5 Qxg5 21.
Nxc6 Bxc6 22. Qxc6 Rxe5 23. Qd7 Rf8 24. Qxc7 Rxe1+ 25. Rxe1 Qd2 26. Kf1 1/2-1/2

[Event "Lliga Catalana DH"]
[Site "?"]
[Date "2015.01.24"]
[Round "1.3"]
[White "Alonso Moyano, J."]
[Black "Fernandez Aguado, E."]
[Result "1-0"]
[WhiteElo "2471"]
[BlackElo "2388"]
[PlyCount "125"]
[EventDate "2015.??.??"]
[EventType "team"]

1. f4 d5 2. Nf3 Nf6 3. g3 g6 4. Bg2 Bg7 5. O-O O-O 6. d3 c5 7. c3 Nc6 8. Qc2
Bg4 9. e4 c4 10. dxc4 dxe4 11. Ng5 Qd3 12. Qxd3 exd3 13. Re1 Rad8 14. Bd2 Rfe8
15. h3 Bc8 16. Nf3 Nd7 17. Be3 e5 18. fxe5 Ndxe5 19. Nbd2 Nxf3+ 20. Nxf3 Be6
21. Nd2 Rd7 22. Rac1 h5 23. b3 Bf5 24. Nf3 Rde7 25. Bd2 Be4 26. Kf2 f5 27. Bf1
Bf6 28. Red1 Rd7 29. Be3 Kg7 30. Ne1 h4 31. g4 Be5 32. Nxd3 Bg3+ 33. Ke2 fxg4
34. hxg4 Rf8 35. Ne1 Rdf7 36. Bh3 Ne5 37. Bd4 Kh7 38. Bxe5 Bxe5 39. g5 Rf2+ 40.
Ke3 Bc6 41. Bd7 Bh1 42. Nd3 R8f3+ 43. Ke4 Re2+ 44. Kd5 Rxd3+ 45. Kc5 Bd6+ 46.
Kb5 Re5+ 47. Ka4 b6 48. c5 b5+ 49. Bxb5 Rxd1 50. Rxd1 Rxc5 51. Rxh1 Bg3 52. c4
Rxg5 53. b4 Bf2 54. c5 Rg1 55. Rxg1 Bxg1 56. Bf1 Kh6 57. Kb5 Kg5 58. Ka6 Kf4
59. Kxa7 Kg3 60. Kb7 Bh2 61. c6 Kf3 62. b5 g5 63. b6 1-0

[Event "Lliga Catalana DH"]
[Site "?"]
[Date "2015.01.24"]
[Round "1.4"]
[White "Marcet Bisbal, A."]
[Black "Bergez, L."]
[Result "1-0"]
[WhiteElo "2372"]
[BlackElo "2403"]
[PlyCount "75"]
[EventDate "2015.??.??"]
[EventType "team"]

1. d4 Nf6 2. c4 g6 3. Nc3 Bg7 4. e4 O-O 5. Be2 d6 6. Bg5 c5 7. d5 b5 8. cxb5 a6
9. a4 Qa5 10. Bd2 axb5 11. Bxb5 Ba6 12. Ra3 Ne8 13. Nge2 Nc7 14. O-O Bxb5 15.
Nxb5 Qb6 16. Nxc7 Qxc7 17. Bc3 Na6 18. Qd2 Rab8 19. Bxg7 Kxg7 20. Rh3 Rh8 21.
Qh6+ Kg8 22. Ng3 Qd8 23. Nf5 Qf8 24. Qh4 f6 25. Qg4 Nc7 26. b3 Kf7 27. Nh6+ Kg7
28. f4 Rb4 29. f5 Nxd5 30. Rff3 Qe8 31. fxg6 hxg6 32. Nf5+ Kf7 33. Rfg3 g5 34.
Rxh8 Qxh8 35. Rh3 Qf8 36. Rh7+ Ke6 37. Nd4+ Ke5 38. Nc6# 1-0

[Event "Lliga Catalana DH"]
[Site "?"]
[Date "2015.01.24"]
[Round "1.5"]
[White "Gomez Jurado, LA."]
[Black "Ayas Fernandez, A."]
[Result "1-0"]
[WhiteElo "2431"]
[BlackElo "2341"]
[PlyCount "195"]
[EventDate "2015.??.??"]
[EventType "team"]

1. c4 e5 2. g3 Nf6 3. Bg2 d5 4. cxd5 Nxd5 5. Nc3 Nb6 6. Nf3 Nc6 7. a3 Be7 8. b4
Be6 9. Rb1 f6 10. O-O O-O 11. d3 a5 12. b5 Nd4 13. Nd2 Qc8 14. e3 Nf5 15. Qc2
Nd6 16. Rd1 Bg4 17. Re1 Bh3 18. Nd5 Nxd5 19. Bxd5+ Be6 20. Qa2 Bxd5 21. Qxd5+
Nf7 22. Qc4 Qd7 23. Ne4 b6 24. Bb2 Rad8 25. Red1 f5 26. Nc3 Kh8 27. d4 Nd6 28.
Qd5 exd4 29. Rxd4 Bf6 30. Rdd1 Qe8 31. Qd3 Ne4 32. Nd5 Bxb2 33. Rxb2 Qe5 34.
Qb3 Rd6 35. f4 Qe6 36. Rd4 Nc5 37. Qc4 Rfd8 38. Rbd2 h6 39. Kf1 Ne4 40. R2d3
Nc5 41. Rd1 Kh7 42. Ke2 Re8 43. Qc3 Rd7 44. Qc2 Qg6 45. Kf2 Qh5 46. Kg2 Qf7 47.
g4 Ne4 48. gxf5 Qxf5 49. Rxe4 Rxe4 50. Nf6+ gxf6 51. Rxd7+ Qxd7 52. Qxe4+ f5
53. Qe5 Qd2+ 54. Kh3 Qc2 55. Kg3 Kg6 56. Qe6+ Kg7 57. h4 h5 58. Qe7+ Kg8 59.
Qe8+ Kg7 60. Qxh5 Qc5 61. Qe8 Qxa3 62. Qe5+ Kg6 63. Qe6+ Kg7 64. Qd7+ Kg8 65.
Qe6+ Kg7 66. h5 Qf8 67. Qe5+ Kh6 68. Kf3 Kxh5 69. Qxc7 Qg8 70. Qxb6 Qd5+ 71.
Kg3 Qg8+ 72. Kf3 Qd5+ 73. Ke2 Qc4+ 74. Kd2 Qb4+ 75. Ke2 Qc4+ 76. Kf2 Qa2+ 77.
Kg3 Qg8+ 78. Kh2 Qa2+ 79. Kh3 Qf2 80. Qc6 Qxe3+ 81. Kg2 Qe2+ 82. Kg3 Qg4+ 83.
Kf2 Qh4+ 84. Ke3 Qe1+ 85. Kd4 Kg4 86. b6 Qb4+ 87. Kd5 Qe4+ 88. Kd6 Qxf4+ 89.
Kd7 a4 90. b7 a3 91. Qg6+ Kh4 92. Qh7+ Kg4 93. Qg8+ Kf3 94. Qb3+ Kg4 95. b8=Q
Qd4+ 96. Ke6 Qe4+ 97. Kf7 f4 98. Qc8+ 1-0

[Event "Lliga Catalana DH"]
[Site "?"]
[Date "2015.01.24"]
[Round "1.6"]
[White "Escobar Torres, A."]
[Black "Martinez Ramirez, E."]
[Result "1/2-1/2"]
[WhiteElo "2261"]
[BlackElo "2349"]
[PlyCount "37"]
[EventDate "2015.??.??"]
[EventType "team"]

1. e4 c5 2. Nf3 Nc6 3. Bb5 g6 4. O-O Bg7 5. d3 Qb6 6. Na3 d6 7. h3 Bd7 8. c3
Nf6 9. Re1 Ne5 10. Bxd7+ Nfxd7 11. Nxe5 dxe5 12. Nc4 Qc7 13. a4 O-O 14. Be3
Rfd8 15. Qb3 Nb6 16. a5 Nxc4 17. dxc4 Qc6 18. f3 e6 19. Qb5 1/2-1/2

[Event "Lliga Catalana DH"]
[Site "?"]
[Date "2015.01.24"]
[Round "1.7"]
[White "Perez Mañas, B."]
[Black "Maroto Borras, JL."]
[Result "1-0"]
[WhiteElo "2375"]
[BlackElo "2205"]
[PlyCount "101"]
[EventDate "2015.??.??"]
[EventType "team"]

1. e4 e6 2. d4 d5 3. Nd2 dxe4 4. Nxe4 Nd7 5. Nf3 Ngf6 6. Nxf6+ Nxf6 7. Bd3 b6
8. Ne5 Bb7 9. Bb5+ c6 10. Qf3 Qd5 11. Qxd5 Nxd5 12. Bxc6+ Bxc6 13. Nxc6 Rc8 14.
Nxa7 Rxc2 15. O-O Kd7 16. Nb5 Be7 17. Rd1 Rhc8 18. Kf1 h6 19. b3 Ra8 20. a4 Nc3
21. Nxc3 Rxc3 22. Rb1 b5 23. axb5 Rb8 24. Bd2 Rc2 25. Ke2 Rxb5 26. Kd3 Rc6 27.
b4 Kd6 28. Rdc1 Rxc1 29. Rxc1 Kd5 30. Ra1 Rb7 31. Ra5+ Kc6 32. Kc4 Rc7 33. Bc3
Kb6+ 34. Kb3 Bf6 35. Rc5 Ra7 36. Rc8 Kb7 37. Rf8 Kb6 38. Rb8+ Kc7 39. Rb5 Kc6
40. Ra5 Rd7 41. d5+ exd5 42. Bxf6 gxf6 43. Ra6+ Kb5 44. Rxf6 d4 45. Rf5+ Kb6
46. Kc2 d3+ 47. Kd2 Rd4 48. Rxf7 Kb5 49. Rc7 Kxb4 50. Rc3 Rg4 51. g3 1-0

[Event "Lliga Catalana DH"]
[Site "?"]
[Date "2015.01.24"]
[Round "1.8"]
[White "Draghici Flutor, G."]
[Black "Obon Temprano, S."]
[Result "0-1"]
[WhiteElo "2191"]
[BlackElo "2373"]
[PlyCount "102"]
[EventDate "2015.??.??"]
[EventType "team"]

1. e4 e5 2. Nc3 Nf6 3. g3 d5 4. exd5 Nxd5 5. Bg2 Ne7 6. Nf3 Nbc6 7. O-O g6 8.
d3 Bg7 9. Be3 O-O 10. Qd2 Re8 11. Bh6 Bh8 12. Nh4 Nf5 13. Nxf5 Bxf5 14. Ne4 Nd4
15. Kh1 c6 16. Rae1 Bxe4 17. Rxe4 Nf5 18. Bg5 f6 19. Be3 Nxe3 20. fxe3 Bg7 21.
Rb4 Re7 22. Qc3 Qe8 23. a4 Rd8 24. Qc5 a6 25. Rb6 Qf7 26. b4 Bf8 27. b5 Rc7 28.
Qc4 cxb5 29. Qxf7+ Rxf7 30. axb5 axb5 31. Rxb5 Kg7 32. Rxb7 Bc5 33. Re1 f5 34.
Rxf7+ Kxf7 35. e4 Bd4 36. exf5 gxf5 37. Rf1 Kg6 38. Bh3 Rf8 39. Kg2 Kg5 40. Kf3
Rc8 41. c4 Rb8 42. Kg2 Rb2+ 43. Kh1 f4 44. gxf4+ exf4 45. Bg2 Rd2 46. Be4 h5
47. Rc1 Bc5 48. Rb1 Kg4 49. Rf1 Bd4 50. Bf3+ Kh3 51. Be4 Rxh2# 0-1

[Event "Lliga Catalana DH"]
[Site "?"]
[Date "2015.01.24"]
[Round "1.9"]
[White "Bosque Ortega, X."]
[Black "Almirall Botella, J."]
[Result "0-1"]
[WhiteElo "2300"]
[BlackElo "2178"]
[PlyCount "62"]
[EventDate "2015.??.??"]
[EventType "team"]

1. d4 d5 2. Bf4 e6 3. e3 c6 4. Nd2 f5 5. Ngf3 Nf6 6. Ne5 Be7 7. Bd3 O-O 8. O-O
Nbd7 9. c4 Nxe5 10. Bxe5 Bd7 11. c5 Be8 12. h3 Kh8 13. b4 Nd7 14. Bh2 g5 15.
Nf3 Bh5 16. g4 Bg6 17. Ne5 Nxe5 18. Bxe5+ Bf6 19. f4 gxf4 20. exf4 Bxe5 21.
dxe5 Qh4 22. g5 Qg3+ 23. Kh1 Qxh3+ 24. Kg1 h6 25. Rf2 Qg3+ 26. Rg2 Qxf4 27.
gxh6 Rg8 28. Qd2 Qd4+ 29. Kh2 Qxe5+ 30. Kh3 Qxa1 31. Qf4 Bh7 0-1

[Event "Lliga Catalana DH"]
[Site "?"]
[Date "2015.01.24"]
[Round "1.10"]
[White "Roca Diaz, MA."]
[Black "Carrasco Rodriguez, J."]
[Result "1-0"]
[WhiteElo "2173"]
[BlackElo "2272"]
[PlyCount "83"]
[EventDate "2015.??.??"]
[EventType "team"]

1. d4 d5 2. c4 c6 3. Nc3 Nf6 4. Nf3 a6 5. cxd5 cxd5 6. g3 e6 7. Bg2 Bd6 8. O-O
O-O 9. Bg5 Nbd7 10. e4 dxe4 11. Nxe4 Be7 12. Ne5 Nxe4 13. Bxe7 Nxf2 14. Bxd8
Nxd1 15. Raxd1 Rxd8 16. Nxf7 Rf8 17. Nd6 Nb6 18. Rxf8+ Kxf8 19. Rc1 Bd7 20. Rc7
Bc6 21. Bxc6 bxc6 22. Rxc6 Nd5 23. a3 Ke7 24. Ne4 Rb8 25. b4 Rb6 26. Rxb6 Nxb6
27. Kf2 Nc4 28. a4 Na3 29. Nc5 Kd6 30. Nxa6 Nc2 31. Kf3 Nxd4+ 32. Ke4 Nc2 33.
b5 Na3 34. b6 Kc6 35. Nc7 Kxb6 36. Nxe6 Nc4 37. Nxg7 Nd2+ 38. Kf4 Ka5 39. Nh5
Kxa4 40. Nf6 h6 41. Ng4 Nf1 42. h4 1-0

[Event "Lliga Catalana DH"]
[Site "?"]
[Date "2015.01.24"]
[Round "1.1"]
[White "Muñoz Pantoja, MA."]
[Black "Spraggett, K."]
[Result "1/2-1/2"]
[WhiteElo "2475"]
[BlackElo "2556"]
[PlyCount "41"]
[EventDate "2015.??.??"]
[EventType "team"]

1. e4 d5 2. exd5 Qxd5 3. Nc3 Qd6 4. d4 Nf6 5. Nf3 g6 6. Bb5+ c6 7. Be2 Bg7 8.
O-O O-O 9. Re1 Nbd7 10. Bf1 Nb6 11. a3 Bf5 12. Bd3 Bxd3 13. Qxd3 Rad8 14. Bg5
Rfe8 15. Rad1 Qc7 16. Ne4 Nbd7 17. c4 a6 18. Qc2 Rc8 19. Rc1 Rcd8 20. Rcd1 Rc8
21. Rc1 1/2-1/2

[Event "Lliga Catalana DH"]
[Site "?"]
[Date "2015.01.24"]
[Round "1.2"]
[White "Narciso Dublan, M."]
[Black "Pablo Mari, A."]
[Result "1/2-1/2"]
[WhiteElo "2570"]
[BlackElo "2442"]
[PlyCount "139"]
[EventDate "2015.??.??"]
[EventType "team"]

1. e4 c5 2. Nc3 Nc6 3. g3 g6 4. Bg2 Bg7 5. d3 e6 6. Be3 Nd4 7. Nce2 d6 8. c3
Nxe2 9. Nxe2 Ne7 10. O-O O-O 11. Qd2 b6 12. Rfd1 Ba6 13. Bh6 Qc7 14. Bxg7 Kxg7
15. d4 e5 16. Rac1 Rac8 17. dxe5 dxe5 18. Qe1 Rcd8 19. Rc2 Rxd1 20. Qxd1 Rd8
21. Rd2 Nc6 22. Nc1 Bc4 23. Bh3 Rxd2 24. Qxd2 Qd8 25. Qxd8 Nxd8 26. b3 Ba6 27.
f3 c4 28. b4 Bb5 29. Bf1 a5 30. bxa5 bxa5 31. Kf2 Nb7 32. Ke3 f6 33. Ne2 Nd6
34. Ng1 Kf7 35. Nh3 Ke7 36. Nf2 Nf7 37. Nd1 Nd6 38. Be2 Ke6 39. Nf2 Ke7 40. Bd1
Bd7 41. Bc2 Kd8 42. Nd1 Kc7 43. Kd2 Be6 44. Ne3 Nf7 45. f4 Kd6 46. h4 Nd8 47.
f5 Bf7 48. Bd1 Nb7 49. Ng4 Ke7 50. Nh6 Nd6 51. Bc2 Be8 52. Ng4 Bc6 53. fxg6
hxg6 54. Ke3 Kf7 55. Nh2 f5 56. Nf3 Kf6 57. Nd2 Bd7 58. Bd1 Be6 59. Ba4 g5 60.
hxg5+ Kxg5 61. Nf3+ Kf6 62. Bc6 fxe4 63. Bxe4 Nb5 64. Kd2 Bf5 65. Bxf5 Kxf5 66.
a4 Nc7 67. Ke1 Nd5 68. Nd2 Nxc3 69. Nxc4 Nxa4 70. Nxa5 1/2-1/2

[Event "Lliga Catalana DH"]
[Site "?"]
[Date "2015.01.24"]
[Round "1.3"]
[White "Pomes Marcet, J."]
[Black "Romero Holmes, A."]
[Result "1/2-1/2"]
[WhiteElo "2397"]
[BlackElo "2540"]
[PlyCount "38"]
[EventDate "2015.??.??"]
[EventType "team"]

1. d4 Nf6 2. c4 d6 3. Nc3 e5 4. dxe5 dxe5 5. Qxd8+ Kxd8 6. Bg5 Be6 7. O-O-O+
Nbd7 8. Nf3 Kc8 9. e3 Ng4 10. Bh4 f6 11. h3 Nh6 12. g4 Nf7 13. Be2 c6 14. Nd2
Nb6 15. f4 Bc5 16. f5 Bd7 17. Bf2 Be7 18. Nde4 c5 19. Rd2 Rd8 1/2-1/2

[Event "Lliga Catalana DH"]
[Site "?"]
[Date "2015.01.24"]
[Round "1.4"]
[White "Gual Pascual, A."]
[Black "Ubach Miralda, M."]
[Result "1-0"]
[WhiteElo "2511"]
[BlackElo "2391"]
[PlyCount "39"]
[EventDate "2015.??.??"]
[EventType "team"]

1. c4 c6 2. g3 Nf6 3. Nf3 d5 4. Bg2 dxc4 5. O-O Nbd7 6. Na3 Nb6 7. Qc2 Qd5 8.
Ne1 Qe6 9. d3 cxd3 10. Nxd3 Qf5 11. Nc4 Nxc4 12. Qxc4 Nd7 13. b4 e5 14. Bb2 Nb6
15. Qc2 f6 16. f4 exf4 17. Rxf4 Qg5 18. Bd4 Nd5 19. Rh4 Ne3 20. Re4+ 1-0

[Event "Lliga Catalana DH"]
[Site "?"]
[Date "2015.01.24"]
[Round "1.5"]
[White "Simon Padros, E."]
[Black "Bofill Mas, A."]
[Result "1/2-1/2"]
[WhiteElo "2327"]
[BlackElo "2437"]
[PlyCount "154"]
[EventDate "2015.??.??"]
[EventType "team"]

1. e4 c5 2. Nc3 Nc6 3. g3 g6 4. Bg2 Bg7 5. f4 d6 6. d3 e5 7. Nh3 h5 8. Nf2 Nd4
9. h3 Ne7 10. Be3 Be6 11. Qd2 Qa5 12. O-O h4 13. g4 exf4 14. Bxf4 Be5 15. Bxe5
dxe5 16. a3 c4 17. Kh1 O-O-O 18. Qg5 Rhe8 19. Rac1 Kb8 20. dxc4 Bxc4 21. Rfe1
Ne6 22. Qe3 Nf4 23. b3 Be6 24. b4 Qb6 25. Qxb6 axb6 26. Nb1 Nc6 27. Bf1 Ba2 28.
Nd3 Bxb1 29. Rxb1 Rd4 30. b5 Nxd3 31. Bxd3 Nd8 32. Rf1 Re7 33. Rb4 Rxb4 34.
axb4 Ne6 35. Rf6 Rc7 36. Kh2 Kc8 37. Rf3 Kd8 38. Kg1 Ke7 39. Kf1 f6 40. Ke1 Nf4
41. Kd2 Rc8 42. Kc1 Rd8 43. Kb2 Rd4 44. Kc3 Ne6 45. Rf1 Ng5 46. Re1 Kf8 47. Re3
Kg7 48. Kb3 Ne6 49. c3 Rd6 50. Kc2 Nf4 51. Bf1 Rd8 52. Re1 Kh6 53. Rd1 Rxd1 54.
Kxd1 Kg5 55. Kd2 f5 56. gxf5 gxf5 57. Ke3 Kf6 58. c4 Ne6 59. exf5 Kxf5 60. Bg2
Nd8 61. c5 bxc5 62. bxc5 Ne6 63. c6 bxc6 64. Bxc6 Kf6 65. b6 Nd8 66. Bg2 Ke6
67. Ke4 Kd6 68. Kf5 Kc5 69. b7 Nxb7 70. Bxb7 Kd6 71. Kf6 Kd7 72. Kf7 Kd6 73.
Be4 Kc5 74. Ke7 Kd4 75. Bf5 Ke3 76. Bg4 Kf4 77. Kf6 e4 1/2-1/2

[Event "Lliga Catalana DH"]
[Site "?"]
[Date "2015.01.24"]
[Round "1.6"]
[White "Ramirez Garcia, JA."]
[Black "Duran Albareda, X."]
[Result "1-0"]
[WhiteElo "2344"]
[BlackElo "2329"]
[PlyCount "57"]
[EventDate "2015.??.??"]
[EventType "team"]

1. e4 e5 2. Nf3 Nc6 3. d4 exd4 4. Nxd4 Nf6 5. Nxc6 bxc6 6. Qe2 Bb4+ 7. c3 Be7
8. e5 Nd5 9. Qg4 g6 10. c4 Nb4 11. Qd1 O-O 12. a3 Na6 13. Bf4 f6 14. Bd3 fxe5
15. Bxe5 Bf6 16. Bc3 Nc5 17. O-O Nxd3 18. Qxd3 d6 19. Bxf6 Qxf6 20. Nc3 a5 21.
Rae1 d5 22. Nxd5 Qxb2 23. Re3 Qg7 24. Re7 Rf7 25. Re8+ Rf8 26. Ne7+ Kf7 27.
Rxc8 Raxc8 28. Nxc8 Kg8 29. Na7 1-0

[Event "Lliga Catalana DH"]
[Site "?"]
[Date "2015.01.24"]
[Round "1.7"]
[White "Armengol Comas, J."]
[Black "Avila Jimenez, X."]
[Result "0-1"]
[WhiteElo "2320"]
[BlackElo "2308"]
[PlyCount "56"]
[EventDate "2015.??.??"]
[EventType "team"]

1. g3 d5 2. Bg2 Nf6 3. d3 c6 4. Nf3 Bf5 5. O-O h6 6. Nbd2 e6 7. b3 Be7 8. Bb2
O-O 9. Ne5 Nbd7 10. e4 Bh7 11. f4 a5 12. a4 Nxe5 13. fxe5 Nd7 14. exd5 cxd5 15.
d4 Qb6 16. Kh1 Rac8 17. Rc1 Bg5 18. h4 Be3 19. Rf3 Bxd4 20. Nc4 Rxc4 21. bxc4
Bxb2 22. Rb3 Qd4 23. Qxd4 Bxd4 24. cxd5 exd5 25. Bxd5 Bxe5 26. c4 b6 27. Kh2
Bd4 28. Rd1 Bc2 0-1

[Event "Lliga Catalana DH"]
[Site "?"]
[Date "2015.01.24"]
[Round "1.8"]
[White "Lopez Agustench, E."]
[Black "Sadrija, E."]
[Result "1/2-1/2"]
[WhiteElo "2328"]
[BlackElo "2278"]
[PlyCount "66"]
[EventDate "2015.??.??"]
[EventType "team"]

1. d4 d5 2. Nf3 Nf6 3. c4 dxc4 4. Qa4+ Nc6 5. Qxc4 Bg4 6. Nbd2 Qd5 7. Qxd5 Nxd5
8. a3 e6 9. e3 a6 10. Be2 f6 11. h3 Bh5 12. Nb3 Bf7 13. Nc5 Bxc5 14. dxc5 e5
15. Nd2 O-O 16. Nc4 Rfd8 17. Bd2 g6 18. b4 Rd7 19. f3 Re8 20. Kf2 Kg7 21. Rhd1
Red8 22. Be1 Be6 23. Rdc1 Nde7 24. g4 h5 25. Rab1 hxg4 26. hxg4 Rh8 27. Kg2 Nd5
28. Bg3 g5 29. Kf2 Rh3 30. Bf1 Rh1 31. Be2 Rh3 32. Bf1 Rh1 33. Be2 Rh3 1/2-1/2

[Event "Lliga Catalana DH"]
[Site "?"]
[Date "2015.01.24"]
[Round "1.9"]
[White "Garcia Rubio, JA."]
[Black "Orteu Capdevila, M."]
[Result "0-1"]
[WhiteElo "2215"]
[BlackElo "2163"]
[PlyCount "202"]
[EventDate "2015.??.??"]
[EventType "team"]

1. d4 Nf6 2. Nf3 c5 3. c3 e6 4. g3 b6 5. Bg2 Bb7 6. O-O Be7 7. Nbd2 O-O 8. Nc4
b5 9. Ne3 d6 10. b3 Nbd7 11. Bb2 cxd4 12. Nxd4 Bxg2 13. Kxg2 Qb6 14. c4 a6 15.
f3 Ne5 16. cxb5 axb5 17. Qd2 Rfc8 18. Ndc2 h6 19. Rfc1 Qb7 20. Ne1 Neg4 21.
Rxc8+ Rxc8 22. Nxg4 Nxg4 23. Nd3 Bg5 24. Qb4 Ne3+ 25. Kf2 Nc2 26. Qxd6 Nxa1 27.
Bxa1 Qa7+ 28. Qd4 Qxd4+ 29. Bxd4 Ra8 30. f4 Be7 31. a4 bxa4 32. bxa4 Rxa4 33.
Be3 Ra2 34. h3 f6 35. Nc1 Rc2 36. Nd3 Kf7 37. Ne1 Ra2 38. Nd3 Rc2 39. Ne1 Rb2
40. Nd3 Rb1 41. Kf3 Bd8 42. Nf2 Bb6 43. Bxb6 Rxb6 44. Ne4 Rb3+ 45. e3 g5 46.
Nd2 Rb2 47. Nf1 Kg6 48. g4 Rb3 49. Nd2 Ra3 50. Nb1 Ra2 51. Nc3 Rc2 52. Ne2 Rb2
53. Nd4 Rb6 54. f5+ exf5 55. Nxf5 Rb1 56. Ne7+ Kh7 57. Kf2 Rb5 58. Kf3 Kg7 59.
Nc6 f5 60. Nd4 fxg4+ 61. hxg4 Rb1 62. Nf5+ Kg6 63. Ng3 Kf6 64. Ne4+ Ke5 65. Ng3
Ra1 66. Kf2 Ra8 67. Kf3 Rf8+ 68. Ke2 Rf7 69. Nf1 Ra7 70. Ng3 Ra2+ 71. Kf3 Ra1
72. Kf2 Ra3 73. Kf3 Ra6 74. Kf2 Kd5 75. Kf3 Kc4 76. Nf5 Kd3 77. e4 Rf6 78. e5
Re6 79. Nd6 Rxe5 80. Nf7 Re3+ 81. Kg2 Re6 82. Kg3 Ke4 83. Nd8 Ra6 84. Nf7 Rf6
85. Nd8 Rf3+ 86. Kg2 Ra3 87. Nf7 Ra6 88. Kg3 Rf6 89. Nd8 Rf3+ 90. Kg2 Kf4 91.
Nf7 Rg3+ 92. Kf2 Rxg4 93. Nxh6 Rh4 94. Nf7 Rh2+ 95. Kg1 Ra2 96. Nd6 g4 97. Nc4
Kg3 98. Kf1 Ra1+ 99. Ke2 Kh2 100. Ne3 g3 101. Ng4+ Kh3 0-1

[Event "Lliga Catalana DH"]
[Site "?"]
[Date "2015.01.24"]
[Round "1.10"]
[White "Yastrebova, T."]
[Black "Del Amo Carbo, J."]
[Result "1/2-1/2"]
[WhiteElo "2109"]
[BlackElo "2207"]
[PlyCount "53"]
[EventDate "2015.??.??"]
[EventType "team"]

1. b3 Nf6 2. Bb2 e6 3. e3 d5 4. f4 Be7 5. Nf3 b6 6. Be2 Bb7 7. O-O O-O 8. Ne5
c5 9. d3 Nc6 10. Nxc6 Bxc6 11. Nd2 Nd7 12. Nf3 Qc7 13. Ne5 Bb7 14. Bf3 f6 15.
Nxd7 Qxd7 16. Qe2 Rae8 17. Rae1 Bd8 18. e4 d4 19. e5 Bxf3 20. Rxf3 fxe5 21.
Qxe5 Bc7 22. Qe4 Rf6 23. Bc1 Ref8 24. Ref1 Rf5 25. Bd2 Qd6 26. Re1 R5f6 27. Re2
1/2-1/2

[Event "Lliga Catalana DH"]
[Site "?"]
[Date "2015.01.24"]
[Round "1.1"]
[White "Herraiz Hidalgo, H."]
[Black "Gonzalez Rodriguez, JA."]
[Result "1/2-1/2"]
[WhiteElo "2473"]
[BlackElo "2465"]
[PlyCount "98"]
[EventDate "2015.??.??"]
[EventType "team"]

1. d4 Nf6 2. c4 c5 3. Nf3 cxd4 4. Nxd4 Nc6 5. Nc3 g6 6. e4 d6 7. Be2 Nxd4 8.
Qxd4 Bg7 9. Be3 O-O 10. Qd2 a6 11. f3 Be6 12. Rc1 Qa5 13. b3 Rfc8 14. Na4 Qxd2+
15. Kxd2 Nd7 16. g4 f5 17. gxf5 gxf5 18. Rhg1 Kh8 19. exf5 Bxf5 20. f4 Rab8 21.
Ba7 Bh6 22. Rcf1 Ra8 23. Bd4+ e5 24. Be3 Re8 25. Rg3 Bg6 26. f5 Bxe3+ 27. Kxe3
Bf7 28. Rd1 d5 29. cxd5 Rac8 30. d6 b5 31. Nb2 Rc2 32. Rd2 Rxd2 33. Kxd2 Nc5
34. Ke1 Rd8 35. Nd3 Nxd3+ 36. Rxd3 Kg7 37. d7 Kf6 38. Rd6+ Kxf5 39. Rxa6 Rxd7
40. Bxb5 Rd4 41. Ra4 Rd6 42. Ra6 Rd4 43. Bc6 Kf4 44. Ra4 Ke3 45. Ra5 Kf4 46.
Ra4 Ke3 47. Ra5 Kf4 48. Ra4 Ke3 49. Ra5 Kf4 1/2-1/2

[Event "Lliga Catalana DH"]
[Site "?"]
[Date "2015.01.24"]
[Round "1.2"]
[White "Lillo Castany, V."]
[Black "Amigo Vilalta, J."]
[Result "1-0"]
[WhiteElo "2376"]
[BlackElo "2341"]
[PlyCount "39"]
[EventDate "2015.??.??"]
[EventType "team"]

1. e4 c6 2. c4 d5 3. exd5 cxd5 4. cxd5 Nf6 5. Bb5+ Bd7 6. Bc4 b5 7. Bb3 Bg4 8.
Nf3 Nbd7 9. d4 a6 10. a4 Rc8 11. O-O Nb6 12. axb5 Bxf3 13. Qxf3 axb5 14. Nc3 b4
15. Na2 Nbxd5 16. Nxb4 e6 17. Nxd5 exd5 18. Qe2+ Be7 19. Qb5+ Kf8 20. Bd2 1-0